000 00655nam a2200181Ia 4500
008 100920s9999 xx 000 0 und d
082 _b88066
_a200 थ 32
100 _aसातवळेकर श्रीपाद दामोदर.
245 _aसूर्यभेदन -व्यायम.
260 _bस्वाध्याय मंडल अैंाध.
_c1932
300 _a64
_bसाधी
365 _b0.25
520 _aधार्मिक.
630 _aसूर्यभेदन -व्यायम.
650 _aधार्मिक.
730 _aसूर्यभेदन -व्यायम.
942 _cBOOK
999 _c728573
_d728570